The dog who cried "woof!" / (Record no. 4842)

MARC details
000 -LEADER
fixed length control field 00906nam a22003017a 4500
001 - CONTROL NUMBER
control field 4842
003 - CONTROL NUMBER IDENTIFIER
control field FISKH
005 - DATE AND TIME OF LATEST TRANSACTION
control field 20241017143029.0
008 - FIXED-LENGTH DATA ELEMENTS--GENERAL INFORMATION
fixed length control field 241017b cb ||||| |||| 00| 0 eng d
020 ## - INTERNATIONAL STANDARD BOOK NUMBER
International Standard Book Number 9780439289788
040 ## - CATALOGING SOURCE
Original cataloging agency FISKH
Language of cataloging eng
Transcribing agency FISKH
Modifying agency FISKH
050 ## - LIBRARY OF CONGRESS CALL NUMBER
Classification number PZ7.B25059
082 ## - DEWEY DECIMAL CLASSIFICATION NUMBER
Classification number 543
100 ## - MAIN ENTRY--PERSONAL NAME
Personal name Barkly, Bob
Dates associated with a name (1924-)
245 ## - TITLE STATEMENT
Title The dog who cried "woof!" /
Statement of responsibility, etc. Adapted by Bob Barkly Illustrated by John Kurtz
250 ## - EDITION STATEMENT
Edition statement First printing in 2001
260 ## - PUBLICATION, DISTRIBUTION, ETC.
Place of publication, distribution, etc. New York :
Name of publisher, distributor, etc. Scholastic,
Date of publication, distribution, etc. 2001.
300 ## - PHYSICAL DESCRIPTION
Extent 30 pages :
Other physical details Color illustrations ;
Dimensions 23 cm
505 ## - FORMATTED CONTENTS NOTE
Formatted contents note J<br/>
520 ## - SUMMARY, ETC.
Summary, etc. Because Cleo had fooled them twice before, Clifford and T-Bone ignore her cries for help.
521 8# - TARGET AUDIENCE NOTE
Target audience note 480L<br/>
Source Lexile<br/>
521 8# - TARGET AUDIENCE NOTE
Target audience note J<br/>
Source Raz-Plus<br/>
650 ## - SUBJECT ADDED ENTRY--TOPICAL TERM
Source of heading or term Fiction
Topical term or geographic name entry element Animals
650 ## - SUBJECT ADDED ENTRY--TOPICAL TERM
Source of heading or term Clifford
Topical term or geographic name entry element Pets
700 ## - ADDED ENTRY--PERSONAL NAME
Personal name Kurtz, John
Dates associated with a name Illustrator
942 ## - ADDED ENTRY ELEMENTS (KOHA)
Source of classification or shelving scheme Dewey Decimal Classification
Koha item type Books
Suppress in OPAC No
Holdings
Withdrawn status Lost status Source of classification or shelving scheme Damaged status Not for loan Collection Home library Current library Shelving location Date acquired Total Checkouts Full call number Barcode Date last seen Copy number Price effective from Koha item type
    Dewey Decimal Classification     Fiction Footprints International School Library Network Toul Kork Campus Footprints International School Library Network Toul Kork Campus TK Primary Library Room(4th Floor), Bookcase 1&2, Shelves 1-16, Dark Blue Books 10/17/2024   BAR 543 PZ7.B25059 2024-2163 10/17/2024 1 10/17/2024 Books